Four Letter Word Chain Game #1 - Statistics

General Stats
  • This quiz has been taken 127 times
  • The average score is 15 of 20
Answer Stats
Hint Answer % Correct
A cold, white blanket that falls from the sky Snow
94%
Not fake Real
93%
Can be black, brown, polar, etc. Bear
89%
Not far Near
89%
Round, green vegetables that grow in pods Peas
89%
Opposite of go Stop
89%
Casual movement to get from point A to point B Walk
89%
A display of affection Kiss
83%
2, 4, 6, 8, 10 Even
78%
Young child Baby
76%
Compass direction East
75%
Used to open a door Knob
74%
Look for something Seek
72%
White water ____ing Raft
71%
Mummies are found here Tomb
70%
Some people believe that this action is contagious Yawn
69%
Rock band: Kings Of ____ Leon
53%
Can be found before book, card, etc. Note
47%
Country Togo
47%
City in France Nice
45%
No matching quizzes found
Score Distribution
Percent of People with Each Score
Percentile by Number Answered
Your Score History
You have not taken this quiz